Five year plan for Bombay state (an outline) (Record no. 508542)

000 -LEADER
fixed length control field 00293nam a22000977a 4500
082 ## - DEWEY DECIMAL CLASSIFICATION NUMBER
Classification number T000x5442
100 ## - MAIN ENTRY--PERSONAL NAME
Personal name India. Planning Commission
9 (RLIN) 3940
245 ## - TITLE STATEMENT
Title Five year plan for Bombay state (an outline)
Statement of responsibility, etc by Planning Commission
260 ## - PUBLICATION, DISTRIBUTION, ETC. (IMPRINT)
Place of publication, distribution, etc Bombay
Name of publisher, distributor, etc Government Central Press
Date of publication, distribution, etc 1953
300 ## - PHYSICAL DESCRIPTION
Extent 24p.
Holdings
Withdrawn status Lost status Source of classification or shelving scheme Damaged status Koha normalized classification for sorting Not for loan Permanent location Current location Date acquired Full call number Barcode Date last seen Price effective from Koha item type
        T_000X5442   Indian Institute of Public Administration Indian Institute of Public Administration 2019-04-01 T000x5442 GG34359 2019-04-01 2019-04-01 GG

Powered by Koha